The ravishing of Lady Mary Ware /

Guardat en:
Dades bibliogràfiques
Autor principal: Wheatley, Dennis, 1897-1977
Format: Llibre
Idioma:English
Publicat: London : Hutchinson, 1975.
Edició:The Lymington ed.
Matèries:
LEADER 01010nam a2200277 a 4500
001 c000102858
003 CARM
005 19991215114945.0
008 751011r19751971enkb 000 1 eng d
015 |a B7524993 
019 1 |a 3520894  |5 LACONCORD2021 
020 |a 0091237106 :  |c L.3.25 
035 |a (OCoLC)59078404  |5 LACONCORD2021 
040 |a BNB  |b eng  |c BNB  |d ABN:1V 
082 0 4 |a 823/.9/1  |2 18 
100 1 |a Wheatley, Dennis,  |d 1897-1977. 
245 1 4 |a The ravishing of Lady Mary Ware /  |c Dennis Wheatley. 
250 |a The Lymington ed. 
260 |a London :  |b Hutchinson,  |c 1975. 
300 |a 445 p. :  |b maps(on lining papers) ;  |c 21cm. 
500 |a Fiction in English, 1900-. Texts (BNB/PRECIS) 
500 |a Originally published: 1971. 
650 0 |a English fiction. 
852 8 |b CARM  |h A2:AG12A0  |i B03363  |p 0159549  |f BK 
999 f f |i 8ddab73e-97ba-541a-bada-992d3af45132  |s 45ebbab6-b129-5885-9688-c421a99a1fa5 
952 f f |p Can circulate  |a CAVAL  |b CAVAL  |c CAVAL  |d CARM 1 Store  |e B03363  |f A2:AG12A0  |h Other scheme  |i book  |m 0159549